000 00928nam a22003017a 4500
001 BR7804232
003 BR-BrBNA
005 20230928085638.0
007 ta
008 230509b bl.||||| |||| 00| 0 por d
040 _aBR-BrBNA
_bpor
_cBiblioteca Nacional de Agricultura
041 _a(Por)
072 _aE70; E15
_b/G514
090 _ E70 BR7804232
110 1 _aFundacao Instituto de Pesquisas Economicas, Sao Paulo, SP (Brasil)
_94955
245 1 _aIndice de precos ao consumidor da classe de renda familiar modal do municipio de Sao Paulo [Comercializacao; Microeconomia; Brasil]
260 3 _aSao Paulo, SP (Brasil):
_c[nd].
300 _a2 p.
500 _aNumerical data; Published 1978?
650 _aComercializacao
650 _aMicroeconomia
650 _aPreco
650 _aConsumidor
650 _aRenda familiar
650 _aSao Paulo
909 _a202309
_bLucia
_c55
_dLucia Elande
942 _cBK
999 _c25566
_d25566